| 000 | 00554nam a2200205Ia 4500 | ||
|---|---|---|---|
| 003 | OSt | ||
| 005 | 20250311130055.0 | ||
| 008 | 210210b1987 xxu||||| |||| 00| 0 eng d | ||
| 040 | _cAL | ||
| 041 | _aKannada | ||
| 082 | _a796.342K ARYT | ||
| 100 |
_aARYAMBA PATTABHI. _dಆರ್ಯಾಂಬಾ ಪಟ್ಟಾಭಿ _9205592 |
||
| 245 |
_aTenis. _b ಟೆನಿಸ್ |
||
| 260 |
_aMaisuru _bKannada Adhyayana Samsthe _c1987 |
||
| 300 | _axii,164 | ||
| 650 |
_aTennis _9205593 |
||
| 690 |
_aTennis _9205593 |
||
| 906 | _aSG04289 | ||
| 942 |
_2ddc _cBK |
||
| 999 |
_c114932 _d114932 |
||